Světová literatura. Roč.10, č.1-6, 1965 Revue zahraničních literatur

Podrobná bibliografia
Médium: Kniha
Jazyk:neznámy jazyk
Vydavateľské údaje: Praha Státní nakladatelství krásné literatury a umění 1965

MARC

LEADER 00000nam a2200000 a 4500
001 vtls001268109
003 SK-MaSNL
005 20260224105021.0
008 210928s1965 xx 0 und
035 |a SNK000219108 
040 |a SNK  |b slo  |c SNK  |e AACR2 
245 1 |a Světová literatura. Roč.10, č.1-6, 1965  |b Revue zahraničních literatur 
260 |a Praha  |b Státní nakladatelství krásné literatury a umění  |c 1965 
958 |a OND 
999 |c 970897  |d 972827 
952 |t P60, <06>, [BOOK], {606}  |a SNK  |b SNK  |y PREZ  |7 0  |p 17A0023361  |o snkČC 791/10/1965  |0 0  |1 1  |4 0  |d 1996-11-28  |l 0  |r 2005-01-01 00:00:00  |w 2026-02-24 
952 |t P60, <06>, [BOOK], {606}  |a SNK  |b SNK  |y PREZ  |7 0  |p 17A0346925  |o snkČC 791/1/1956  |0 0  |1 1  |4 0  |d 2002-06-26  |l 0  |r 2005-01-01 00:00:00  |w 2026-02-24 
952 |t P60, <06>, [BOOK], {606}  |a SNK  |b SNK  |y PREZ  |7 0  |p 17A0346823  |o snkČC 791/2/1957  |0 0  |1 1  |4 0  |d 2002-06-26  |l 0  |r 2005-01-01 00:00:00  |w 2026-02-24 
952 |t P60, <06>, [BOOK], {606}  |a SNK  |b SNK  |y PREZ  |7 0  |p 17A0346821  |o snkČC 791/3/1958  |0 0  |1 1  |4 0  |d 2002-06-26  |l 0  |r 2005-01-01 00:00:00  |w 2026-02-24